Online Catalogue and eLibrary

Dura gamanak (Record no. 1538)

MARC details
000 -LEADER
fixed length control field 00379nam a2200157Ia 4500
005 - DATE AND TIME OF LATEST TRANSACTION
control field 20250520011028.0
008 - FIXED-LENGTH DATA ELEMENTS--GENERAL INFORMATION
fixed length control field 240331s9999 xx 000 0 und d
020 ## - INTERNATIONAL STANDARD BOOK NUMBER
ISBN 9559261290
082 ## - DDC Classification
Item Number - Author Mark DUR
Class No. 305
100 ## - MAIN ENTRY--PERSONAL NAME
Personal name Sita Ranjani,
245 #0 - TITLE STATEMENT
Title Dura gamanak
260 ## - PUBLICATION, DISTRIBUTION, ETC.
Place of publication, distribution, etc. Colombo
Name of publisher, distributor, etc. Women's Education & Research centre
Date of publication, distribution, etc. 2004
300 ## - PHYSICAL DESCRIPTION
Extent (e.g. Volumes, Pages etc.) 48 p .,
650 ## - SUBJECT ADDED ENTRY--TOPICAL TERM
Topical term or geographic name entry element Gender
942 ## - Koha item type (Biblio)
Koha item type Books in Stacks (Lending)
Holdings
Lost status Damaged status Collection code Home library Current library Shelving location Date acquired Full call number Accession Number Item type
    Lending WERC Library WERC Library Social Science Cupboard 03/31/2024 305 DUR 1882 Books in Stacks (Lending)

© WERC Library